| 000 | 00503nam a22001817a 4500 | ||
|---|---|---|---|
| 005 | 20250813100526.0 | ||
| 008 | 250524b |||||||| |||| 00| 0 eng d | ||
| 020 |
_a9780340950487 _qpbk |
||
| 041 | _aeng | ||
| 082 | _a823.914 JAR | ||
| 100 | _aJarvis, Robin | ||
| 245 |
_aThe Deptford Histories: The Alchymist's Cat _c/Robin Jarvis; |
||
| 250 | _a1st ed. | ||
| 260 |
_aUnited Kingdom: _bHodder Childrens Book, _c2007. |
||
| 300 |
_a366p. : _c18cm. |
||
| 650 | _aEnglish Fiction | ||
| 942 | _cENGLISH | ||
| 999 |
_c571299 _d571299 |
||